|
|
|
|
| LEADER |
00000nab a2200000 a 4500 |
| 001 |
vtls011128240 |
| 003 |
SK-MaSNL |
| 005 |
20260304013357.0 |
| 008 |
230218|2011 xo |||||||||||||||||slo| |
| 015 |
|
|
|a SNBRB
|
| 035 |
|
|
|a (uuid)0b9d20a2-e740-4eb8-b6d1-9ed044f61bd7
|
| 035 |
|
|
|a (urnnbn)urn:nbn:sk:snk:ar-a09hkn
|
| 035 |
|
|
|a urn:nbn:sk:snk-aba5x3
|
| 040 |
|
|
|a SNKBUCL
|b slo
|c SNKBUCL
|e AACR2
|
| 041 |
0 |
|
|a slo
|
| 044 |
|
|
|a xo
|c SK
|
| 100 |
1 |
|
|a Káčerová, Marcela,
|d 1981-
|4 aut
|9 249435
|
| 245 |
1 |
0 |
|a Generačné substitúcie ako indikátory starnutia obyvateľstva
|c Marcela Káčerová, Jozef Mládek
|
| 246 |
3 |
|
|a Generation substitutions as indicators of population ageing
|
| 700 |
1 |
|
|a Mládek, Jozef
|4 aut
|9 718161
|
| 773 |
0 |
|
|t Forum statisticum Slovacum
|g Roč. 7, č. 6 (2011), s. 79-84
|
| 954 |
|
|
|a odborná, vedecká literatúra pôvodná (slovenská)
|2 lita
|
| 958 |
|
|
|a OND
|
| 958 |
|
|
|a EUIPO
|
| 958 |
|
|
|a article13
|
| 999 |
|
|
|c 2575579
|d 2577509
|